书目信息 |
| 题名: |
坐月子喝对汤
|
|
| 作者: | 潘昕 编著 | |
| 分册: | ||
| 出版信息: | 北京 中国轻工业出版社 2019 |
|
| 页数: | 192页 | |
| 开本: | 24cm | |
| 丛书名: | ||
| 单 册: | ||
| 中图分类: | TS972.122.2 , TS972.12 | |
| 科图分类: | ||
| 主题词: | 产妇--妇幼保健--汤菜--菜谱 | |
| 电子资源: | ||
| ISBN: | 978-7-5184-2375-0 | |
| 000 | 00813nam0 2200229 450 | |
| 001 | 2329172576 | |
| 005 | 20231103080729.93 | |
| 010 | @a978-7-5184-2375-0@dCNY48.00 | |
| 100 | @a20190521d2019 em y0chiy50 ea | |
| 101 | 0 | @achi |
| 102 | @aCN@b110000 | |
| 105 | @aa z 000yy | |
| 200 | 1 | @a坐月子喝对汤@9zuo yue zi he dui tang@f潘昕编著 |
| 210 | @a北京@c中国轻工业出版社@d2019 | |
| 215 | @a192页@c彩图@d24cm | |
| 330 | @a本书介绍了适合月子里的各种汤。全书从两个脉络,一个是按照时间推进,根据不同时期新妈妈的不同身体状况推荐适合的汤,一个是根据特殊的调养要求,比如催奶、瘦身等推荐合适的汤。 | |
| 606 | 0 | @a产妇@x妇幼保健@x汤菜@x菜谱 |
| 690 | @aTS972.122.2@v5 | |
| 690 | @aTS972.12@v4 | |
| 701 | 0 | @a潘昕@9pan xin@4编著 |
| 801 | 0 | @aCN@b大连网信软件有限公司图书馆·11@c20231103 |
| 905 | @aBZT@dTS972.12@e74 | |
| 坐月子喝对汤/潘昕编著.-北京:中国轻工业出版社,2019 |
| 192页:彩图;24cm |
| ISBN 978-7-5184-2375-0:CNY48.00 |
| 本书介绍了适合月子里的各种汤。全书从两个脉络,一个是按照时间推进,根据不同时期新妈妈的不同身体状况推荐适合的汤,一个是根据特殊的调养要求,比如催奶、瘦身等推荐合适的汤。 |
| ● |
| 相关链接 |
|
|
|
正题名:坐月子喝对汤
索取号:TS972.12/74
 
预约/预借
| 序号 | 登录号 | 条形码 | 馆藏地/架位号 | 状态 | 备注 |
| 1 | 2000978909 | 2000978909 | 中教、安徽混合/山东中教(第一批)/151/ [索取号:TS972.12/74] | 在馆 | |
| 2 | 2000978910 | 2000978910 | 中教、安徽混合/山东中教(第一批)/151/ [索取号:TS972.12/74] | 在馆 | |
| 3 | 2000978911 | 2000978911 | 中教、安徽混合/山东中教(第一批)/151/ [索取号:TS972.12/74] | 在馆 | |
| 4 | 2000978912 | 2000978912 | 中教、安徽混合/山东中教(第一批)/151/ [索取号:TS972.12/74] | 在馆 | |
| 5 | 2000978913 | 2000978913 | 中教、安徽混合/山东中教(第一批)/151/ [索取号:TS972.12/74] | 在馆 | |
| 6 | 2000978914 | 2000978914 | 中教、安徽混合/山东中教(第一批)/151/ [索取号:TS972.12/74] | 在馆 |